<?xml version="1.0" encoding="UTF-8"?>
<collection xmlns:xsi="http://www.w3.org/2001/XMLSchema-instance" xsi:schemaLocation="http://www.loc.gov/MARC21/slim http://www.loc.gov/standards/marcxml/schema/MARC21slim.xsd" xmlns="http://www.loc.gov/MARC21/slim">
 <record>
  <leader>00000cam a22000003i 4500</leader>
  <controlfield tag="001">UP-1685594773861513522</controlfield>
  <controlfield tag="003">Buklod</controlfield>
  <controlfield tag="005">20241115061126.0</controlfield>
  <controlfield tag="006">j|||||||||||||| | </controlfield>
  <controlfield tag="007">ta</controlfield>
  <controlfield tag="008">241115s1997    nyu     rb   |||1 u|eng d</controlfield>
  <datafield tag="020" ind1=" " ind2=" ">
   <subfield code="a">041591308X (alk. paper)</subfield>
  </datafield>
  <datafield tag="035" ind1=" " ind2=" ">
   <subfield code="a">(iLib)UPBAG-00001744673</subfield>
  </datafield>
  <datafield tag="037" ind1=" " ind2=" ">
   <subfield code="a">BC-37596</subfield>
   <subfield code="c">Php1,325.00</subfield>
  </datafield>
  <datafield tag="040" ind1=" " ind2=" ">
   <subfield code="a">DLC</subfield>
   <subfield code="d">BAG</subfield>
   <subfield code="e">rda</subfield>
  </datafield>
  <datafield tag="041" ind1="0" ind2=" ">
   <subfield code="a">eng</subfield>
  </datafield>
  <datafield tag="090" ind1=" " ind2="0">
   <subfield code="a">BF 692.2</subfield>
   <subfield code="b">T68</subfield>
  </datafield>
  <datafield tag="245" ind1="0" ind2="0">
   <subfield code="a">Toward a new psychology of gender</subfield>
   <subfield code="c">edited by Mary M. Gergen and Sara N. Davis.</subfield>
  </datafield>
  <datafield tag="264" ind1=" " ind2="1">
   <subfield code="a">New York, NY</subfield>
   <subfield code="b">Routledge</subfield>
   <subfield code="c">1997.</subfield>
  </datafield>
  <datafield tag="300" ind1=" " ind2=" ">
   <subfield code="a">xiv, 626 pages</subfield>
   <subfield code="c">23 cm</subfield>
  </datafield>
  <datafield tag="336" ind1=" " ind2=" ">
   <subfield code="a">text</subfield>
   <subfield code="2">rdacontent</subfield>
  </datafield>
  <datafield tag="337" ind1=" " ind2=" ">
   <subfield code="a">unmediated</subfield>
   <subfield code="2">rdamedia</subfield>
  </datafield>
  <datafield tag="338" ind1=" " ind2=" ">
   <subfield code="a">volume</subfield>
   <subfield code="2">rdacarrier</subfield>
  </datafield>
  <datafield tag="504" ind1=" " ind2=" ">
   <subfield code="a">Includes bibliographical references and index.</subfield>
  </datafield>
  <datafield tag="505" ind1="0" ind2=" ">
   <subfield code="a">Regarding gender: essentialism, constructionism, and feminist psychology / Janis S. Bohan -- Feminist poststructuralism and discourse analysis / Nicola Gavey -- Feminism and psychology / Mary Brown Parlee -- Making sense: interviewing and narrative representation / Margery B. Franklin -- Writing ethnography: feminist critical practice / Carol B. sTack -- Dialogue with Guatemalan Indian women : critical perspectives on constructing collaborative research / M. Brinton Lykes -- Linguistic repertoires and literary criticism: new directions for a social psychology of gender / Margaret Wetherell -- Femininity as performance / Valerie Walkerdine -- Children and gender: constructions of difference / Barrie Thorne -- Life stories: pieces of a dream / Mary Gergen -- Masculinity as homophobia: fear, shame, and silence in the construction of gender identity / Michael S. Kimmel.</subfield>
  </datafield>
  <datafield tag="505" ind1="0" ind2=" ">
   <subfield code="a">Post-colonial feminism and the veil: thinking the difference / Lama Abu Odeh -- They have eyes and see not: gender politics in the diaspora museum / Dafna N. Izraeli -- Agreeing to differ: feminist epistemologies and women's ways of knowing/ Mary Crawford -- Corpses, lepers, and menstruating women: tradition, transition, and the sociology of knowledge / Nancy Datan -- New voices, new visions: toward a lesbian/gay paradigm for psychology / Laura S. Brown -- Forgotten forms of close combat, mothers and daughter revisited / Jane Flax -- The meaning of motherhood in black culture and black mother/daughter relationships/ Patricia Hill Collins -- Like Family: Power, Intimacy, and sexuality in male athletes' friendships / Michael A. Messner -- Sexual biology and the symbolism of the natural / Leonore Tiefer -- Sexuality, schooling, and adolescent females: the missing discourse of desire / Michelle Fine.</subfield>
  </datafield>
  <datafield tag="505" ind1="0" ind2=" ">
   <subfield code="a">Virgins and queers: rehabilitating heterosexuality? / Celia Kitzinger &amp; Sue Wilkinson -- Anorexia nervosa: psychopathology as the crystallization of culture / Susan Bordo -- Gender identities at the crossroads of masculinity and physical disability / Thomas J. Gerschick &amp; Adam Stephen Miller -- Women, aids and power in heterosexual sex: a discourse analysis / Lesley Miles -- Gender displays and men's power: the &quot;new man&quot; and the Mexican immigrant man / Pierrette Hondagneu-sotelo &amp; Michael A. Messner -- Essentialism, women and war: protesting too much, protesting too little / Susan Oyama -- Feminist politicization: a comment / bell hooks -- Disappearances, silences, and anxious rhetoric: gender in abnormal psychology textbooks / Jeanne Marecek -- Discourse in the mirrored room: a postmodern analysis of therapy / Rachel T. Hare-Mustin -- Love and violence: gender paradoxes in volatile attachments / Virginia Goldner, Peggy Penn, Marcia Sheinberg, &amp; Gillian Walker -- Skipping stone: circles in the pond / Mary Gergen.</subfield>
  </datafield>
  <datafield tag="650" ind1=" " ind2="0">
   <subfield code="a">Sex differences (Psychology)</subfield>
  </datafield>
  <datafield tag="650" ind1=" " ind2="0">
   <subfield code="a">Feminist psychology.</subfield>
  </datafield>
  <datafield tag="650" ind1=" " ind2="0">
   <subfield code="a">Sex role</subfield>
   <subfield code="x">Psychological aspects.</subfield>
  </datafield>
  <datafield tag="650" ind1=" " ind2="0">
   <subfield code="a">Gender identity.</subfield>
  </datafield>
  <datafield tag="650" ind1=" " ind2="0">
   <subfield code="a">Women</subfield>
   <subfield code="x">Psychology.</subfield>
  </datafield>
  <datafield tag="700" ind1="1" ind2=" ">
   <subfield code="a">Gergen, Mary M.</subfield>
   <subfield code="e">editor.</subfield>
  </datafield>
  <datafield tag="700" ind1="1" ind2=" ">
   <subfield code="a">Davis, Sara N.</subfield>
   <subfield code="d">1946-</subfield>
   <subfield code="e">editor.</subfield>
  </datafield>
  <datafield tag="905" ind1=" " ind2=" ">
   <subfield code="a">FO</subfield>
  </datafield>
  <datafield tag="852" ind1="0" ind2=" ">
   <subfield code="a">UPBAG</subfield>
   <subfield code="b">UPBAG-MAIN</subfield>
   <subfield code="h">BF 692.2 T68</subfield>
  </datafield>
  <datafield tag="942" ind1=" " ind2=" ">
   <subfield code="a">Book</subfield>
  </datafield>
 </record>
</collection>
